{"text_format":"3","workbook":"xls","n_sheets":3,"sheets":["List1","List2","List3"],"read":"whole","date_system":"1900","formulas":"cached_only"}

{"sheet":"List1","index":0,"n_rows":69,"n_cols":6,"rows_kept":69,"merged":[[0,0,0,5],[1,0,1,5],[3,0,3,5],[4,1,4,5],[5,0,5,5],[12,1,12,4],[20,1,20,4],[28,1,28,4],[36,1,36,4],[40,1,40,4],[50,1,50,4],[64,3,64,4],[65,3,65,4],[66,3,66,4],[68,0,68,5]],"flags":["formulas_cached_only"]}
["Objednávka malířských prací"]
["Základní škola, Liberec, Ještědská 354/88, příspěvková organizace IČO:72743212"]
[]
["Ivan Bockschneider, Nová 336/10, 46010 Liberec 10, IČO:46033033, DIČ:CZ 450511031"]
[]
["Na základě dohody objednávám malířské o opravné práce dle rozpisu."]
["7A "]
[1,"Škrábání , opravy zednické",1,"kpl",{"v":2740,"d":"2,740 Kč"},{"v":2740,"d":"2,740 Kč"}]
[2,"Strop",61.6,"m2",{"v":65,"d":"65 Kč"},{"v":4004,"d":"4,004 Kč"}]
[3,"Stěny ",35,"m2",{"v":65,"d":"65 Kč"},{"v":2275,"d":"2,275 Kč"}]
[4,"Syntetický email, broušení, základ latex, 2x vrch",44,"m2",{"v":280,"d":"280 Kč"},{"v":12320,"d":"12,320 Kč"}]
[5,"Úklid a manipulace",1,"kpl",{"v":750,"d":"750 Kč"},{"v":750,"d":"750 Kč"}]
[6,"Celkem ",{"$nulls":3},{"v":22089,"d":"22,089 Kč"}]
[]
["8A "]
[1,"Škrábání , opravy zednické",1,"kpl",{"v":2840,"d":"2,840 Kč"},{"v":2840,"d":"2,840 Kč"}]
[2,"Strop",66,"m2",{"v":65,"d":"65 Kč"},{"v":4290,"d":"4,290 Kč"}]
[3,"Stěny ",37,"m2",{"v":65,"d":"65 Kč"},{"v":2405,"d":"2,405 Kč"}]
[4,"Syntetický email, broušení, základ latex, 2x vrch",45,"m2",{"v":280,"d":"280 Kč"},{"v":12600,"d":"12,600 Kč"}]
[5,"Úklid a manipulace",1,"kpl",{"v":750,"d":"750 Kč"},{"v":750,"d":"750 Kč"}]
[6,"Celkem ",{"$nulls":3},{"v":22885,"d":"22,885 Kč"}]
[]
["9C"]
[1,"Škrábání , opravy zednické",1,"kpl",{"v":2840,"d":"2,840 Kč"},{"v":2840,"d":"2,840 Kč"}]
[2,"Strop",62.31,"m2",{"v":65,"d":"65 Kč"},{"v":4050.15,"d":"4,050 Kč"}]
[3,"Stěny ",36,"m2",{"v":65,"d":"65 Kč"},{"v":2340,"d":"2,340 Kč"}]
[4,"Syntetický email, broušení, základ latex, 2x vrch",44,"m2",{"v":280,"d":"280 Kč"},{"v":12320,"d":"12,320 Kč"}]
[5,"Úklid a manipulace",1,"kpl",{"v":750,"d":"750 Kč"},{"v":750,"d":"750 Kč"}]
[6,"Celkem ",{"$nulls":3},{"v":22300.15,"d":"22,300 Kč"}]
[]
["Šatna"]
[1,"Škrábání , opravy zednické",1,"kpl",{"v":500,"d":"500 Kč"},{"v":500,"d":"500 Kč"}]
[2,"Strop",17.4,"m2",{"v":65,"d":"65 Kč"},{"v":1131,"d":"1,131 Kč"}]
[3,"Stěny ",18.77,"m2",{"v":65,"d":"65 Kč"},{"v":1220.05,"d":"1,220 Kč"}]
[4,"Syntetický email, broušení, základ latex, 2x vrch",40,"m2",{"v":280,"d":"280 Kč"},{"v":11200,"d":"11,200 Kč"}]
[5,"Úklid a manipulace",1,"kpl",{"v":750,"d":"750 Kč"},{"v":750,"d":"750 Kč"}]
[6,"Celkem ",{"$nulls":3},{"v":14801.05,"d":"14,801 Kč"}]
[]
["Oprava - parapetů "]
[1,"Oprava parapetů ve třídách",1,"kpl",{"v":1500,"d":"1,500 Kč"},{"v":1500,"d":"1,500 Kč"}]
[2,"Celkem ",{"$nulls":3},{"v":1500,"d":"1,500 Kč"}]
[]
["Sleva"]
[1,"Poskytnutá sleva",1,"kpl",null,{"v":-4108,"d":"-4,108 Kč"}]
[]
[]
[]
["Obložení soklu šatny proti proražení "]
[1,"Dodávka tvrzené desky postforming, nářez",1,"kpl",{"v":6200,"d":"6,200 Kč"},{"v":6200,"d":"6,200 Kč"}]
[2,"Montáž, lepidlo, doprava, manipulace",1,"kpl",{"v":3800,"d":"3,800 Kč"},{"v":3800,"d":"3,800 Kč"}]
[3,"Celkem ",{"$nulls":3},{"v":10000,"d":"10,000 Kč"}]
[]
["Dřevěná prkna na stěnu ( proti otlučením židlemi )"]
[1,"Řezivo",1,"kpl",{"v":5800,"d":"5,800 Kč"},{"v":5800,"d":"5,800 Kč"}]
[2,"Lak",1,"kpl",{"v":998,"d":"998 Kč"},{"v":998,"d":"998 Kč"}]
[3,"Brusný pás + stětce",1,"kpl",{"v":156,"d":"156 Kč"},{"v":156,"d":"156 Kč"}]
[4,"Turbošrouby ",1,"kpl",{"v":560,"d":"560 Kč"},{"v":560,"d":"560 Kč"}]
[5,"Silikon ",1,"kpl",{"v":220,"d":"220 Kč"},{"v":220,"d":"220 Kč"}]
[6,"Výroba obložebá 20x200x3000  10ks dl. 300, 2 ks dl. 100",14,"hod",{"v":300,"d":"300 Kč"},{"v":4200,"d":"4,200 Kč"}]
[7,"Montáž",17,"hod",{"v":250,"d":"250 Kč"},{"v":4250,"d":"4,250 Kč"}]
[8,"Manipulace , doprava",1,"kpl",1260,{"v":1260,"d":"1,260 Kč"}]
[9,"Celkem ",1,"kpl",1260,{"v":17444,"d":"17,444 Kč"}]
[]
[]
[{"$nulls":3},"základ daně",null,{"v":106911,"d":"106,911 Kč"}]
[{"$nulls":3},"21% DPH",null,{"v":22451.309999999998,"d":"22,451 Kč"}]
[{"$nulls":3},"Cena celkem ",null,{"v":129362.31,"d":"129,362 Kč"}]
[]
["V Liberci dne: 28.8.2020                                                                                               Mgr. Lukáš Houda"]

{"sheet":"List2","index":1,"n_rows":0,"n_cols":0,"rows_kept":0,"flags":["formulas_cached_only"]}

{"sheet":"List3","index":2,"n_rows":0,"n_cols":0,"rows_kept":0,"flags":["formulas_cached_only"]}